| 000 | 00743nam a2200193 a 4500 | ||
|---|---|---|---|
| 008 | 080929s1997 ||||||||||||||||| || u | ||
| 020 | _a0821340549 | ||
| 050 | _aIBRD(08)TP/384 | ||
| 100 | _aKojima, Sakura | ||
| 245 | 1 | 0 | _aCatching up to leadership: the role of technology-support institutions in Japan's casting sector |
| 260 |
_aWashington, D.C. _bWorld Bank _c1997 |
||
| 300 | _aviii, 31p.: ill. | ||
| 350 | _a0.00 | ||
| 490 | _aWorld Bank Technical Papers | ||
| 650 | _aFOUNDING--TECHNILOGICAL INNOVATIONS--JAPAN | ||
| 700 | _aOkada, Yoshitaka | ||
| 710 | _aWorld Bank | ||
| 995 |
_D0.00 _FCBU-MAIN LIBRARY (Kitwe) _H1 _I0.00 _M1 _UAVAILABLE _WSep 29, 2008 _ZInternational Publications |
||
| 999 |
_c36849 _d36849 |
||